000 00457nam a22001697a 4500
999 _c47765
_d47765
005 20190409143526.0
010 _aB-217552
020 _a8123013108
_c60.00
035 _aB-217550,B-217552
082 _aS
100 _aDube, Dina Nath
245 _aFolk tales of Rajsthan /
_cby Dina Nath Dube
260 _aNew Delhi
_bPublications Division
_c2005-06
300 _a73p.
_c25cm (pbk)
_eill.
942 _2ddc
_cCH
_hS
_mDUB